[Event "WJCC U20 Girls 2019"]
[Site "New Delhi"]
[Date "2019.10.16"]
[Round "2.33"]
[White "Bauyrzhan, Arnash"]
[Black "Aouachria, Marwa"]
[Result "0-1"]
[WhiteElo "2075"]
[BlackElo "1839"]
[Annotator "NA"]
[PlyCount "82"]
[EventDate "2019.10.15"]
[EventType "swiss"]
[EventCountry "IND"]
[SourceTitle "playchess.com"]
[Source "ChessBase"]
[SourceQuality "1"]
[TimeControl "40/5400+30:1800+30"]

1. e4 {[%emt 0:00:00]} c5 {[%emt 0:00:00]} 2. Nf3 {[%emt 0:00:07]} d6 {[%emt 0:00:00]} 3. Bb5+ {[%emt 0:00:45]} Bd7 {[%emt 0:00:00]} 4. Bxd7+ {[%emt 0:00:19]} Qxd7 {[%emt 0:00:00]} 5. c4 {[%emt 0:00:29]} Nc6 {[%emt 0:04:01]} 6. Nc3 {[%emt 0:00:42]} g6 {[%emt 0:00:14]} 7. d4 {[%emt 0:00:55]} cxd4 {[%emt 0:00:06]} 8. Nxd4 {[%emt 0:00:05]} Bg7 {[%emt 0:00:02]} 9. Be3 {[%emt 0:00:34]} Nf6 {[%emt 0:00:07]} 10. f3 {[%emt 0:00:27]} O-O {[%emt 0:00:28]} 11. O-O {[%emt 0:00:34]} Rfc8 {[%emt 0:00:26]} 12. b3 {[%emt 0:01:31]} Rab8 {[%emt 0:01:43]} 13. Rc1 {[%emt 0:03:22]} a6 {[%emt 0:03:26]} 14. a4 {[%emt 0:09:34]} b6 {[%emt 0:08:53]} 15. Qd2 {[%emt 0:03:51]} Na5 {[%emt 0:06:31]} 16. Qa2 {[%emt 0:04:12]} Nb7 {[%emt 0:06:02]} 17. Rfd1 {[%emt 0:00:43]} Nc5 {[%emt 0:06:40]} 18. b4 {[%emt 0:15:03]} e5 {[%emt 0:00:25]} 19. bxc5 {[%emt 0:05:54]} exd4 {[%emt 0:00:08]} 20. Bxd4 {[%emt 0:00:08]} bxc5 {[%emt 0:00:08]} 21. Bxf6 {[%emt 0:00:35]} Bxf6 {[%emt 0:00:06]} 22. Nd5 {[%emt 0:00:11]} Bg7 {[%emt 0:01:16]} 23. Rb1 {[%emt 0:00:46]} Qa7 {[%emt 0:07:37]} 24. a5 {[%emt 0:03:57]} Rd8 {[%emt 0:11:24]} 25. Rxb8 {[%emt 0:13:31]} Rxb8 {[%emt 0:00:05]} 26. Rb1 {[%emt 0:00:08]} Bd4+ {[%emt 0:01:24]} 27. Kh1 {[%emt 0:08:20]} Rxb1+ {[%emt 0:04:21]} 28. Qxb1 {[%emt 0:00:06]} Qd7 {[%emt 0:02:22]} 29. Qb3 {[%emt 0:01:53]} Kg7 {[%emt 0:01:27]} 30. h3 {[%emt 0:02:25]} h5 {[%emt 0:06:05]} 31. Kh2 {[%emt 0:05:33]} h4 {[%emt 0:05:28]} 32. Qd1 {[%emt 0:08:53]} Qd8 {[%emt 0:08:04]} 33. Qd2 {[%emt 0:02:12]} Qb8 {[%emt 0:01:46]} 34. Nb6 {[%emt 0:01:52]} d5+ {[%emt 0:00:55]} 35. Kh1 {[%emt 0:03:53]} dxc4 {[%emt 0:02:16]} 36. f4 {[%emt 0:02:32]} c3 {[%emt 0:01:05]} 37. Qc1 {[%emt 0:00:05]} Qb7 {[%emt 0:01:51]} 38. Qc2 {[%emt 0:00:56]} Qc7 {[%emt 0:01:45]} 39. e5 {[%emt 0:01:34]} Qc6 {[%emt 0:03:31]} 40. Na4 {[%emt 0:00:19]} Qb5 {[%emt 0:00:21]} 41. Kh2 {[%emt 0:03:16]} Qf1 {[%emt 0:00:47]} 0-1

[Event "WJCC U20 Girls 2019"]
[Site "New Delhi"]
[Date "2019.10.16"]
[Round "2.34"]
[White "Ortiz Verdezoto, Anahi"]
[Black "Noshin, Anjum"]
[Result "0-1"]
[WhiteElo "2055"]
[BlackElo "1793"]
[Annotator "NA"]
[PlyCount "118"]
[EventDate "2019.10.15"]
[EventType "swiss"]
[EventCountry "IND"]
[SourceTitle "playchess.com"]
[Source "ChessBase"]
[SourceQuality "1"]
[TimeControl "40/5400+30:1800+30"]

1. d4 {[%emt 0:00:00]} d5 {[%emt 0:00:00]} 2. c4 {[%emt 0:00:00]} c6 {[%emt 0:00:00]} 3. cxd5 {[%emt 0:00:01]} cxd5 {[%emt 0:00:02]} 4. Nf3 {[%emt 0:00:16]} Nf6 {[%emt 0:00:27]} 5. Nc3 {[%emt 0:00:17]} e6 {[%emt 0:03:04]} 6. Bf4 {[%emt 0:00:15]} Bd6 {[%emt 0:02:29]} 7. Bxd6 {[%emt 0:00:21]} Qxd6 {[%emt 0:00:11]} 8. e3 {[%emt 0:01:39]} a6 {[%emt 0:03:35] D13: Slav Defence: Exchange variation without ...Bf5} 9. a3 {[%emt 0:00:14]} (9. Ne5 Nbd7 10. f4 b5 11. Bd3 Bb7 12. O-O O-O 13. Qe2 Rac8 14. a4 b4 15. Na2 Nb6 {1-0 (55) Zhao,Y (2396)-Aczel,G (2553) Budapest 2019}) 9... Nbd7 {[%emt 0:02:05]} 10. Qb3 $146 {[%emt 0:07:42]} ({Predecessor:} 10. Bd3 O-O 11. O-O Rd8 12. Rc1 e5 13. dxe5 Nxe5 14. Nxe5 Qxe5 15. h3 Bd7 16. Bb1 Rac8 17. Qf3 Bc6 18. Qf5 Qd6 19. Rcd1 g6 20. Qg5 Kg7 21. Rd4 h6 {0-1 (36) Soler Nadal,J (1881)-Fardbehbahani,B (1979) Benidorm 2008}) 10... O-O {[%emt 0:03:45]} 11. h3 {[%emt 0:03:08]} b6 {[%emt 0:07:13]} 12. Bd3 {[%emt 0:06:27]} Bb7 {[%emt 0:02:34]} 13. O-O {[%emt 0:00:04]} Ne4 {[%emt 0:05:22]} 14. Rac1 {[%emt 0:01:39]} f5 {[%emt 0:07:20]} 15. Ne2 {[%emt 0:03:43]} Rac8 {[%emt 0:16:09]} 16. Qb4 {[%emt 0:03:45]} h6 {[%emt 0:04:58]} 17. Qxd6 {[%emt 0:21:16]} Nxd6 {[%emt 0:00:21]} 18. Nf4 {[%emt 0:00:02]} Kf7 {[%emt 0:04:35]} 19. Be2 {[%emt 0:00:12]} g5 {[%emt 0:15:31]} 20. Nd3 {[%emt 0:07:28]} Rxc1 {[%emt 0:02:43]} 21. Rxc1 {[%emt 0:00:33]} Rc8 {[%emt 0:00:56]} 22. Ra1 {[%emt 0:03:01]} Ke7 {[%emt 0:05:23]} 23. a4 {[%emt 0:04:40]} Ne4 {[%emt 0:02:25]} 24. a5 {[%emt 0:06:12]} bxa5 {[%emt 0:06:08]} 25. Rxa5 {[%emt 0:11:47]} g4 {[%emt 0:00:56]} 26. hxg4 {[%emt 0:00:38]} fxg4 {[%emt 0:00:09]} 27. Nfe1 {[%emt 0:00:34]} h5 {[%emt 0:02:32]} 28. Ra1 {[%emt 0:02:02]} Nd6 {[%emt 0:02:26]} 29. Nf4 {[%emt 0:00:27]} Nf6 {[%emt 0:00:26]} 30. Ned3 {[%emt 0:02:13]} Rc2 {[%emt 0:00:40]} 31. Bd1 {[%emt 0:05:16]} Rd2 {[%emt 0:00:32]} 32. Rc1 {[%emt 0:01:20]} Nfe4 {[%emt 0:00:25]} 33. Ba4 {[%emt 0:02:48]} h4 {[%emt 0:00:30]} 34. Rc7+ {[%emt 0:01:15]} Kf6 {[%emt 0:00:16]} 35. Rh7 {[%emt 0:02:16]} g3 {[%emt 0:00:45]} 36. fxg3 {[%emt 0:01:26]} hxg3 {[%emt 0:00:20]} 37. Rh6+ {[%emt 0:00:46]} Kg7 {[%emt 0:00:34]} 38. Rxe6 {[%emt 0:02:32]} Bc6 {[%emt 0:00:13]} 39. Bb3 {[%emt 0:00:12]} Bb5 {[%emt 0:00:10]} 40. Re7+ {[%emt 0:00:40]} Kh6 {[%emt 0:00:39]} 41. Ne5 {[%emt 0:30:49]} Rxb2 {[%emt 0:30:45]} 42. Ng4+ {[%emt 0:00:00]} Kg5 {[%emt 0:00:00]} 43. Rg7+ {[%emt 0:00:00]} Kf5 $11 {[%emt 0:00:00]} (43... Kh4 $5 44. Bd1 $8 Be2 45. Rh7+ (45. Nxe2 Rd2 $17) (45. Bxe2 $2 Rb1+ 46. Bf1 Nd2 $19) 45... Kg5 46. Rg7+ (46. Nxe2 Rd2 $17) (46. Bxe2 $2 Rb1+ 47. Bf1 Nd2 $19) 46... Kh4 47. Rh7+ Kg5 48. Rg7+ Kh4 $11) 44. Nh6+ {[%emt 0:00:00]} Kf6 {[%emt 0:00:00]} 45. Rg6+ {[%emt 0:00:00]} Ke7 {[%emt 0:00:00]} 46. Nxd5+ {[%emt 0:00:00]} Kd8 {[%emt 0:00:00]} 47. Rg8+ {[%emt 0:00:00]} Be8 {[%emt 0:00:00]} 48. Bd1 {[%emt 0:00:00]} Rb1 {[%emt 0:00:00]} 49. Kf1 {[%emt 0:00:00]} Rxd1+ {[%emt 0:00:00]} 50. Ke2 {[%emt 0:00:00]} Rd2+ {[%emt 0:00:00]} 51. Kf3 {[%emt 0:00:00]} Rf2+ {[%emt 0:00:00]} 52. Kg4 {[%emt 0:00:00]} Nf6+ {[%emt 0:00:00]} 53. Nxf6 {[%emt 0:00:00]} Rxf6 {[%emt 0:00:00]} 54. Rh8 {[%emt 0:00:00]} Kc7 {[%emt 0:00:00]} 55. e4 {[%emt 0:00:00]} Bd7+ {[%emt 0:00:00]} 56. Kxg3 {[%emt 0:00:00]} Nxe4+ {[%emt 0:00:00]} 57. Kh2 {[%emt 0:00:00]} Rf4 {[%emt 0:00:00]} 58. Kg1 {[%emt 0:00:00]} Ng3 {[%emt 0:00:00]} 59. d5 {[%emt 0:00:00]} Ne2+ {[%emt 0:00:00]} 0-1

[Event "WJCC U20 Girls 2019"]
[Site "New Delhi"]
[Date "2019.10.16"]
[Round "2.35"]
[White "Figueroa Bernal, Julia Dennis"]
[Black "Zhang, Xiao"]
[Result "0-1"]
[WhiteElo "1777"]
[BlackElo "2053"]
[Annotator "NA"]
[PlyCount "50"]
[EventDate "2019.10.15"]
[EventType "swiss"]
[EventCountry "IND"]
[SourceTitle "playchess.com"]
[Source "ChessBase"]
[SourceQuality "1"]
[TimeControl "40/5400+30:1800+30"]

1. e4 {[%emt 0:00:00]} c6 {[%emt 0:00:00]} 2. d4 {[%emt 0:00:00]} d5 {[%emt 0:00:00]} 3. e5 {[%emt 0:00:00]} c5 {[%emt 0:00:00]} 4. dxc5 {[%emt 0:00:00]} Nc6 {[%emt 0:00:00]} 5. Nf3 {[%emt 0:00:44]} Bg4 {[%emt 0:00:05]} 6. c3 {[%emt 0:02:18]} e6 {[%emt 0:00:09]} 7. b4 {[%emt 0:02:23]} a6 {[%emt 0:01:08]} 8. Bf4 {[%emt 0:08:58]} g5 {[%emt 0:00:09]} 9. Bg3 {[%emt 0:01:01]} Bxf3 {[%emt 0:00:24]} 10. Qxf3 {[%emt 0:00:11]} Bg7 {[%emt 0:00:03]} 11. Bd3 {[%emt 0:07:37]} h5 {[%emt 0:01:55]} 12. h4 {[%emt 0:01:11]} Nxe5 {[%emt 0:00:30]} 13. Qe2 {[%emt 0:01:12]} Nxd3+ {[%emt 0:01:12]} 14. Qxd3 {[%emt 0:00:07]} Nh6 {[%emt 0:02:31]} 15. hxg5 {[%emt 0:10:08]} Qxg5 {[%emt 0:00:23]} 16. Nd2 {[%emt 0:02:48]} Qf5 {[%emt 0:04:16]} 17. Qxf5 {[%emt 0:03:27]} Nxf5 {[%emt 0:00:41]} 18. Rc1 {[%emt 0:00:18]} Nxg3 {[%emt 0:02:08]} 19. fxg3 {[%emt 0:00:09]} a5 {[%emt 0:03:14]} 20. b5 {[%emt 0:13:55]} Rc8 {[%emt 0:01:20]} 21. Nb3 {[%emt 0:00:42]} a4 {[%emt 0:00:32]} 22. Na5 {[%emt 0:00:14]} Rxc5 {[%emt 0:01:01]} 23. Nxb7 {[%emt 0:00:09]} Rc7 {[%emt 0:00:15]} 24. Nd6+ {[%emt 0:02:06]} Ke7 {[%emt 0:00:26]} 25. b6 {[%emt 0:00:15]} Rxc3 0-1

[Event "WJCC U20 Girls 2019"]
[Site "New Delhi"]
[Date "2019.10.16"]
[Round "2.36"]
[White "Rathi Dhanashree"]
[Black "Jain Nityata"]
[Result "0-1"]
[WhiteElo "1692"]
[BlackElo "2029"]
[Annotator "NA"]
[PlyCount "78"]
[EventDate "2019.10.15"]
[EventType "swiss"]
[EventCountry "IND"]
[SourceTitle "playchess.com"]
[Source "ChessBase"]
[SourceQuality "1"]
[TimeControl "40/5400+30:1800+30"]

1. d4 {[%emt 0:00:00]} Nf6 {[%emt 0:00:00]} 2. Nf3 {[%emt 0:00:06]} g6 {[%emt 0:00:00]} 3. g3 {[%emt 0:00:08]} Bg7 {[%emt 0:00:00]} 4. Bg2 {[%emt 0:00:12]} O-O {[%emt 0:00:00]} 5. O-O {[%emt 0:00:10]} d5 {[%emt 0:00:00]} 6. c4 {[%emt 0:00:14]} c6 {[%emt 0:00:01]} 7. b3 {[%emt 0:00:53]} Ne4 {[%emt 0:04:50]} 8. Bb2 {[%emt 0:02:06]} Be6 {[%emt 0:05:46]} 9. Qc1 $14 {[%emt 0:05:41]} Nd7 {[%emt 0:06:04]} 10. Nbd2 {[%emt 0:08:30]} Nxd2 {[%emt 0:04:29]} 11. Nxd2 {[%emt 0:00:27]} dxc4 {[%emt 0:03:15]} 12. Nxc4 {[%emt 0:09:30]} Nb6 {[%emt 0:02:07]} 13. Nxb6 {[%emt 0:09:24]} Qxb6 {[%emt 0:10:29]} 14. e3 {[%emt 0:03:53]} a5 {[%emt 0:02:05]} 15. Ba3 {[%emt 0:09:32]} Bf6 {[%emt 0:03:07]} 16. Rb1 {[%emt 0:03:15]} Rfd8 {[%emt 0:13:35]} 17. Qc2 {[%emt 0:07:27]} Qa6 {[%emt 0:16:15]} 18. Rbc1 {[%emt 0:07:50]} a4 {[%emt 0:01:32]} 19. b4 {[%emt 0:00:47]} Bd5 {[%emt 0:01:53]} 20. e4 {[%emt 0:05:52]} Be6 {[%emt 0:01:50]} 21. e5 {[%emt 0:02:42]} Bg7 {[%emt 0:00:37]} 22. Rfd1 {[%emt 0:00:42]} Qb6 {[%emt 0:04:20]} 23. Qb2 {[%emt 0:02:44]} Rd7 {[%emt 0:01:31]} 24. Rc5 {[%emt 0:02:50]} Rad8 {[%emt 0:02:45]} 25. Rd2 {[%emt 0:06:03]} Bd5 {[%emt 0:03:37]} 26. b5 {[%emt 0:05:14]} Bxg2 {[%emt 0:03:47]} 27. Kxg2 {[%emt 0:00:20]} cxb5 {[%emt 0:00:38]} 28. Rxb5 {[%emt 0:00:33]} Qc6+ {[%emt 0:00:32]} 29. Kg1 {[%emt 0:01:10]} Qf3 {[%emt 0:03:00]} 30. Rc5 {[%emt 0:05:46]} Bh6 {[%emt 0:02:19]} 31. Rc3 {[%emt 0:00:14]} Qe4 {[%emt 0:00:44]} 32. Rd1 {[%emt 0:00:59]} Rxd4 {[%emt 0:01:18]} 33. Rxd4 {[%emt 0:00:06]} Rxd4 {[%emt 0:02:02]} 34. Rc8+ {[%emt 0:00:47]} Kg7 {[%emt 0:00:51]} 35. e6 {[%emt 0:00:31]} f6 {[%emt 0:00:12]} 36. Qxd4 {[%emt 0:00:45]} Qxd4 {[%emt 0:00:15]} 37. Bxe7 {[%emt 0:00:05]} Qd1+ {[%emt 0:00:25]} 38. Kg2 {[%emt 0:00:33]} Qd5+ {[%emt 0:00:25]} 39. f3 {[%emt 0:00:38]} Qxe6 {[%emt 0:00:21]} 0-1

[Event "WJCC U20 Girls 2019"]
[Site "New Delhi"]
[Date "2019.10.16"]
[Round "2.37"]
[White "Arushi Kotwal"]
[Black "Tamarozi, Isabelle"]
[Result "1/2-1/2"]
[WhiteElo "1657"]
[BlackElo "2029"]
[Annotator "NA"]
[PlyCount "89"]
[EventDate "2019.10.15"]
[EventType "swiss"]
[EventCountry "IND"]
[SourceTitle "playchess.com"]
[Source "ChessBase"]
[SourceQuality "1"]
[TimeControl "40/5400+30:1800+30"]

1. d4 {[%emt 0:00:00]} Nf6 {[%emt 0:00:00]} 2. Nf3 {[%emt 0:00:00]} g6 {[%emt 0:00:00]} 3. c4 {[%emt 0:00:00]} Bg7 {[%emt 0:00:20]} 4. Nc3 {[%emt 0:00:00]} O-O {[%emt 0:00:31]} 5. e4 {[%emt 0:00:00]} d6 {[%emt 0:00:31]} 6. Be2 {[%emt 0:00:02]} e5 {[%emt 0:01:30]} 7. O-O {[%emt 0:00:14]} Nc6 {[%emt 0:00:30]} 8. dxe5 {[%emt 0:00:10]} Nxe5 {[%emt 0:04:43]} 9. Nxe5 {[%emt 0:01:15]} dxe5 {[%emt 0:00:07]} 10. Bg5 {[%emt 0:04:15]} c6 {[%emt 0:03:39]} 11. Qxd8 {[%emt 0:02:19]} Rxd8 {[%emt 0:00:09]} 12. Rfd1 {[%emt 0:00:52]} Be6 {[%emt 0:02:56]} 13. Be3 {[%emt 0:01:41]} Nd7 {[%emt 0:07:14]} 14. b3 {[%emt 0:08:17]} h6 {[%emt 0:09:17]} 15. Rd2 {[%emt 0:10:08]} f5 {[%emt 0:04:09]} 16. f3 {[%emt 0:01:34]} f4 {[%emt 0:04:57]} 17. Bf2 {[%emt 0:00:32]} Bf8 {[%emt 0:03:11]} 18. Rad1 {[%emt 0:04:27]} Bb4 {[%emt 0:01:46]} 19. Rd3 {[%emt 0:01:20]} Kf8 {[%emt 0:11:52]} 20. g4 {[%emt 0:04:35]} Ke7 {[%emt 0:03:20]} 21. Bh4+ {[%emt 0:04:39]} g5 {[%emt 0:02:06]} 22. Bf2 {[%emt 0:00:05]} Rh8 {[%emt 0:05:25]} 23. Na4 {[%emt 0:12:08]} b6 {[%emt 0:03:32]} 24. Ra1 {[%emt 0:04:17]} Kf6 {[%emt 0:16:22]} 25. Rad1 {[%emt 0:03:27]} Rh7 {[%emt 0:02:09]} 26. Bf1 {[%emt 0:08:35]} Rah8 {[%emt 0:02:00]} 27. h3 {[%emt 0:01:59]} h5 {[%emt 0:03:05]} 28. Bg2 {[%emt 0:00:44]} Ke7 {[%emt 0:01:30]} 29. Kf1 {[%emt 0:01:47]} hxg4 {[%emt 0:03:23]} 30. hxg4 {[%emt 0:00:37]} Nf6 {[%emt 0:01:37]} 31. Bg1 {[%emt 0:03:23]} Nd7 {[%emt 0:02:11]} 32. Bf2 {[%emt 0:00:27]} Nf8 {[%emt 0:01:14]} 33. Rd8 {[%emt 0:03:01]} Nd7 {[%emt 0:00:12]} 34. Rxh8 {[%emt 0:00:20]} Rxh8 {[%emt 0:00:03]} 35. Be1 {[%emt 0:08:30]} Bd6 {[%emt 0:01:08]} 36. Nb2 {[%emt 0:03:11]} b5 {[%emt 0:00:42]} 37. cxb5 {[%emt 0:02:29]} cxb5 {[%emt 0:00:02]} 38. Nd3 {[%emt 0:00:28]} Rc8 {[%emt 0:00:55]} 39. Rc1 {[%emt 0:06:33]} Rxc1 {[%emt 0:00:30]} 40. Nxc1 {[%emt 0:00:05]} b4 {[%emt 0:00:33]} 41. Nd3 {[%emt 0:30:32]} a5 {[%emt 0:30:20]} 42. Ke2 {[%emt 0:00:00]} Nb8 {[%emt 0:00:00]} 43. Nb2 {[%emt 0:00:00]} Bc5 {[%emt 0:00:00]} 44. Kd3 {[%emt 0:00:00]} Nc6 {[%emt 0:00:00]} 45. Nc4 {[%emt 0:00:00]} 1/2-1/2

[Event "WJCC U20 Girls 2019"]
[Site "New Delhi"]
[Date "2019.10.16"]
[Round "2.38"]
[White "Cosme Contreras, Trilce"]
[Black "Jayaweera, Sayuni Gihansa"]
[Result "1-0"]
[WhiteElo "2027"]
[BlackElo "1788"]
[Annotator "NA"]
[PlyCount "111"]
[EventDate "2019.10.15"]
[EventType "swiss"]
[EventCountry "IND"]
[SourceTitle "playchess.com"]
[Source "ChessBase"]
[SourceQuality "1"]
[TimeControl "40/5400+30:1800+30"]

1. d4 {[%emt 0:00:00]} Nf6 {[%emt 0:00:00]} 2. c4 {[%emt 0:00:00]} g6 {[%emt 0:00:00]} 3. Nc3 {[%emt 0:00:00]} d5 {[%emt 0:00:16]} 4. cxd5 {[%emt 0:00:01]} Nxd5 {[%emt 0:00:15]} 5. e4 {[%emt 0:00:06]} Nxc3 {[%emt 0:00:05]} 6. bxc3 {[%emt 0:00:04]} Bg7 {[%emt 0:00:08]} 7. Nf3 {[%emt 0:01:35]} c5 {[%emt 0:00:23]} 8. Rb1 {[%emt 0:01:01]} cxd4 {[%emt 0:06:29]} 9. cxd4 {[%emt 0:00:05]} Qa5+ {[%emt 0:03:37]} 10. Bd2 {[%emt 0:06:19]} Qxa2 {[%emt 0:00:49]} 11. Be2 {[%emt 0:02:46]} b6 {[%emt 0:04:27]} 12. O-O {[%emt 0:04:37]} O-O {[%emt 0:00:37]} 13. Qc1 {[%emt 0:18:22]} Bb7 {[%emt 0:07:57]} 14. Bc4 {[%emt 0:17:07]} Qa4 {[%emt 0:00:18]} 15. Bb5 {[%emt 0:01:03]} Qa2 {[%emt 0:00:11]} 16. Re1 {[%emt 0:04:36]} Rc8 {[%emt 0:02:27]} 17. Qd1 {[%emt 0:00:29]} Rc2 {[%emt 0:12:41]} 18. Ra1 {[%emt 0:02:05]} Qb2 {[%emt 0:01:43]} 19. Ba4 {[%emt 0:00:29]} Rc8 {[%emt 0:05:12]} 20. Rb1 {[%emt 0:00:13]} Qa2 {[%emt 0:00:09]} 21. Bb3 {[%emt 0:00:38]} Qa6 {[%emt 0:01:20]} 22. Ng5 {[%emt 0:05:56]} Rf8 {[%emt 0:15:49]} 23. Bxf7+ {[%emt 0:06:29]} Kh8 {[%emt 0:00:48]} 24. Qb3 {[%emt 0:01:55]} Nc6 {[%emt 0:03:55]} 25. Bc4 {[%emt 0:01:34]} b5 {[%emt 0:01:04]} 26. Bxb5 {[%emt 0:00:59]} Qb6 {[%emt 0:00:07]} 27. Nf7+ {[%emt 0:04:41]} Rxf7 {[%emt 0:00:32]} 28. Qxf7 {[%emt 0:00:05]} Rf8 {[%emt 0:00:26]} 29. Bxc6 {[%emt 0:03:54]} Qxd4 {[%emt 0:03:54]} 30. Be3 {[%emt 0:00:07]} Qd6 {[%emt 0:03:15]} 31. Qxf8+ {[%emt 0:02:46]} Bxf8 {[%emt 0:00:09]} 32. Bxb7 {[%emt 0:00:04]} a5 {[%emt 0:01:09]} 33. Red1 {[%emt 0:00:26]} Qc7 {[%emt 0:01:31]} 34. Bb6 {[%emt 0:00:53]} Qf4 {[%emt 0:01:40]} 35. Bxa5 {[%emt 0:01:24]} h5 {[%emt 0:00:10]} 36. g3 {[%emt 0:04:53]} Qe5 {[%emt 0:00:52]} 37. Rd5 {[%emt 0:00:51]} Qe6 {[%emt 0:01:14]} 38. Rd8 {[%emt 0:01:05]} Qf6 {[%emt 0:02:39]} 39. Rc1 {[%emt 0:00:46]} Kh7 {[%emt 0:00:34]} 40. Bc3 {[%emt 0:00:14]} Qf3 {[%emt 0:01:21]} 41. Be5 {[%emt 0:33:37]} h4 {[%emt 0:32:36]} 42. gxh4 {[%emt 0:01:11]} Bg7 {[%emt 0:00:48]} 43. Bg3 {[%emt 0:00:26]} Kh6 {[%emt 0:00:38]} 44. Rd7 {[%emt 0:00:54]} Kh5 {[%emt 0:01:45]} 45. Rxe7 {[%emt 0:03:40]} Bh6 {[%emt 0:01:14]} 46. Rc5+ {[%emt 0:00:38]} g5 {[%emt 0:00:14]} 47. hxg5 {[%emt 0:00:24]} Bf8 {[%emt 0:01:06]} 48. Rh7+ {[%emt 0:00:53]} Kg6 {[%emt 0:00:03]} 49. Rcc7 {[%emt 0:00:22]} Kxg5 {[%emt 0:00:16]} 50. Rcf7 {[%emt 0:01:37]} Qd1+ {[%emt 0:00:13]} 51. Kg2 {[%emt 0:00:06]} Bh6 {[%emt 0:00:12]} 52. Bc8 {[%emt 0:01:00]} Kg6 {[%emt 0:00:11]} 53. Bf5+ {[%emt 0:00:09]} Kg5 {[%emt 0:00:04]} 54. h4+ {[%emt 0:00:50]} Kh5 {[%emt 0:00:07]} 55. Rxh6+ {[%emt 0:00:08]} Kxh6 {[%emt 0:00:07]} 56. Rh7# {[%emt 0:00:36]} 1-0

[Event "WJCC U20 Girls 2019"]
[Site "New Delhi"]
[Date "2019.10.16"]
[Round "2.39"]
[White "Dahampriya, H K T Dewnethmie"]
[Black "Chandreyee, Hajra"]
[Result "1/2-1/2"]
[WhiteElo "1629"]
[BlackElo "2024"]
[Annotator "NA"]
[PlyCount "97"]
[EventDate "2019.10.15"]
[EventType "swiss"]
[EventCountry "IND"]
[SourceTitle "playchess.com"]
[Source "ChessBase"]
[SourceQuality "1"]
[TimeControl "40/5400+30:1800+30"]

1. e4 {[%emt 0:00:00]} c6 {[%emt 0:00:00]} 2. d4 {[%emt 0:00:00]} d5 {[%emt 0:00:00]} 3. Nc3 {[%emt 0:00:00]} dxe4 {[%emt 0:00:00]} 4. Nxe4 {[%emt 0:00:00]} Nf6 {[%emt 0:00:00]} 5. Nxf6+ {[%emt 0:00:36]} exf6 {[%emt 0:00:02]} 6. h3 {[%emt 0:00:41]} Bd6 {[%emt 0:00:23]} 7. Nf3 {[%emt 0:00:19]} O-O {[%emt 0:00:19]} 8. Be2 {[%emt 0:01:20]} Re8 {[%emt 0:00:50]} 9. O-O {[%emt 0:00:22]} Nd7 {[%emt 0:00:17]} 10. c4 {[%emt 0:04:00]} Nf8 {[%emt 0:00:12]} 11. Bd3 $11 {[%emt 0:13:29]} Ng6 {[%emt 0:01:22]} 12. Qc2 {[%emt 0:00:28]} Bc7 {[%emt 0:02:09]} 13. Bd2 {[%emt 0:02:49]} Be6 {[%emt 0:01:16]} 14. Bf5 {[%emt 0:16:09]} Qd7 {[%emt 0:03:59]} 15. Bxe6 {[%emt 0:00:54]} fxe6 {[%emt 0:00:13]} 16. Rad1 {[%emt 0:03:15]} Rad8 {[%emt 0:05:39]} 17. Rfe1 {[%emt 0:03:37]} Qf7 {[%emt 0:04:41]} 18. Be3 {[%emt 0:07:28]} Ne7 {[%emt 0:01:05]} 19. Qc1 {[%emt 0:00:56]} Ng6 {[%emt 0:10:10]} 20. Qc2 {[%emt 0:02:47]} a6 {[%emt 0:02:26]} 21. b3 {[%emt 0:01:24]} Rd7 {[%emt 0:03:53]} 22. Re2 {[%emt 0:04:36]} Red8 {[%emt 0:02:53]} 23. Rde1 {[%emt 0:06:08]} Ba5 {[%emt 0:05:48]} 24. Bd2 {[%emt 0:00:58]} Bxd2 {[%emt 0:02:01]} 25. Rxd2 {[%emt 0:00:12]} e5 {[%emt 0:00:34]} 26. dxe5 {[%emt 0:06:21]} Rxd2 {[%emt 0:00:10]} 27. Nxd2 {[%emt 0:00:04]} Nxe5 {[%emt 0:00:11]} 28. Nf1 {[%emt 0:02:26]} Qd7 {[%emt 0:01:38]} 29. Ne3 {[%emt 0:00:54]} Re8 {[%emt 0:02:24]} 30. Rd1 {[%emt 0:00:30]} Qf7 {[%emt 0:00:55]} 31. Rd6 {[%emt 0:06:33]} Qg6 {[%emt 0:02:34]} 32. Qxg6 {[%emt 0:00:30]} Nxg6 {[%emt 0:00:05]} 33. Rd7 {[%emt 0:00:14]} Re7 {[%emt 0:00:31]} 34. Rxe7 {[%emt 0:00:21]} Nxe7 {[%emt 0:00:09]} 35. Kf1 {[%emt 0:11:10]} Kf7 {[%emt 0:00:16]} 36. Ke2 {[%emt 0:01:04]} Ke6 {[%emt 0:00:07]} 37. f4 {[%emt 0:00:40]} c5 {[%emt 0:01:00]} 38. Kd3 {[%emt 0:01:11]} f5 {[%emt 0:01:24]} 39. g4 {[%emt 0:02:19]} g6 {[%emt 0:00:39]} 40. g5 {[%emt 0:00:20]} Nc6 {[%emt 0:03:07]} 41. Nc2 {[%emt 0:30:27]} Nd8 {[%emt 0:30:50]} 42. Ne1 {[%emt 0:02:03]} Nf7 {[%emt 0:00:32]} 43. Nf3 {[%emt 0:00:23]} Nd6 {[%emt 0:00:18]} 44. Nd2 {[%emt 0:00:16]} Ne8 {[%emt 0:06:52]} 45. Nf1 {[%emt 0:00:49]} Nd6 {[%emt 0:01:47]} 46. Nd2 {[%emt 0:00:11]} Ne8 {[%emt 0:00:04]} 47. Nf1 {[%emt 0:00:05]} Nd6 {[%emt 0:00:04]} 48. Nd2 {[%emt 0:00:03]} Ne8 {[%emt 0:00:06]} 49. Nf1 {[%emt 0:00:04] Ke5 Ke4+} 1/2-1/2